| 000 | 00483 a2200169 4500 | ||
|---|---|---|---|
| 003 | Nust | ||
| 005 | 20170207153319.0 | ||
| 040 | _cNust | ||
| 082 | _a005.1 | ||
| 100 | _a NC Naeem-Ud-Din BESE-06 | ||
| 245 |
_aCopyright porotection of digital images using watermarking in wavelet Domain _cNC Naeem-Ud-Din & NC Asad Babar and PC Adnan Rashid BESE-06 |
||
| 260 |
_bMCS _c2004 |
||
| 300 | _a94 p | ||
| 538 | _aAlmirah No.71 Shelf No.4 | ||
| 650 | _a UG Projects | ||
| 651 | _aUG CS Projects | ||
| 942 | _cTHS | ||
| 999 |
_c184013 _d184013 |
||